00221 a2200073 4500020001800000100001300018245008300031260003300114 a9780865717114 aRoseland aToward sustainable communities : solutions for citizens and their gove rnments bNew Society Publishersc2012